00596nam a22001697a 4500003000900000008004100009040007100050082001500121100002100136245003200157260001700189300002800206505015100234650001800385650001100403650001200414AR-CdUCM190408b           ||||| |||| 00| 0 spa d  aMUNICIPALIDAD PROVINCIAL DEL CUSCOcBIBLIOTECA MUNICIPAL DEL CUSCO  a611 /bS77  aSproul, Edith E.  aAsí es el cuerpo humano /  aNueva York :  a232 páginas ;c19 cm.  a Contenido : Consideraciones Generales -- Sistema cardiovascular -- Sangre y linfa -- Aparato respiratorio -- Aparato digestivo -- El hígado ...  aCuerpo humano  aHombre  aCiencia